Spain Baby Boys Names by Letter A-Z - Statistics

General Stats
  • This quiz has been taken 143 times
  • The average score is 13 of 21
Answer Stats
Letter Clue Name % Correct
P Picasso Pablo
93%
M Luther King Martin
92%
O Twist Oliver
92%
B Mars Bruno
90%
D Craig Daniel
87%
H Chavez Hugo
85%
C Sainz Carlos
81%
V Hugo Victor
81%
N Sarkozy Nicolas
76%
J Bardem Javier
72%
A Magno Alejandro
67%
F Pizarro Francisco
65%
S Ramos Sergio
65%
E Ferrari Enzo
52%
L Silva Lucas
51%
R Dario Ruben
40%
T Motta Thiago
35%
G Higuain Gonzalo
32%
U Emery Unai
27%
I Ethan Izan
18%
Y El Arabi Youssef
17%
No matching quizzes found
Score Distribution
Percent of People with Each Score
Percentile by Number Answered
Your Score History
You have not taken this quiz